Ustad Amjad Ali Khan/ (Record no. 163389)

MARC details
000 -LEADER
fixed length control field 00503nam a2200181 4500
005 - DATE AND TIME OF LATEST TRANSACTION
control field 20190412115805.0
010 ## - LCCN (DPL NO)
LC control number ENG-124993
020 ## - INTERNATIONAL STANDARD BOOK NUMBER
International Standard Book Number 9788192557137
Terms of availability 485.00
035 ## - SYSTEM CONTROL NUMBER
System control number EN-108525
037 ## - SOURCE OF ACQUISITION
Source of stock number/acquisition DBAD/PUB
082 ## - DEWEY DECIMAL CLASSIFICATION NUMBER
Classification number 787.6
100 ## - MAIN ENTRY--PERSONAL NAME
Personal name Saraf, Mukesh
245 ## - TITLE STATEMENT
Title Ustad Amjad Ali Khan/
Statement of responsibility, etc by Mukesh Saraf
260 ## - PUBLICATION, DISTRIBUTION, ETC. (IMPRINT)
Place of publication, distribution, etc Allahabad
Name of publisher, distributor, etc Anurag Publication
Date of publication, distribution, etc 2015
270 ## - ADDRESS
Address 116/70, lukerganj
City Allahabad
Postal code 211001
300 ## - PHYSICAL DESCRIPTION
Extent 152p.
Dimensions 22cm(Hb)
942 ## - ADDED ENTRY ELEMENTS (KOHA)
Source of classification or shelving scheme Dewey Decimal Classification
Item type English Books
Classification part 787.6
Call number suffix SAR
Holdings
Withdrawn status Lost status Not for loan Collection code Home library Current library Date acquired Source of acquisition Cost, normal purchase price Full call number Barcode Copy number Cost, replacement price Koha item type
    Not For Loan Non-fiction D.B.Act.Division Ashok Vihar 12/04/2019 DBAD/PUB 485.00 787.6 SAR EN-108525 1 485.00 English Books

© Delhi Public Library
Hit Counter
free hit counter